Normal view
MARC view
- القران الكريم - اعجاز القران - سورة القران
Entry Topical Term
001 - CONTROL NUMBER
- control field: 18953
003 - CONTROL NUMBER IDENTIFIER
- control field: JO-AjAnu
005 - DATE AND TIME OF LATEST TRANSACTION
- control field: 20230606073323.0
008 - FIXED-LENGTH DATA ELEMENTS
- fixed length control field: 230606|| aca||aabn | a|a d
040 ## - CATALOGING SOURCE
- Original cataloging agency: JO-AjAnu
- Transcribing agency: JO-AjAnu
150 ## - HEADING--TOPICAL TERM
- Topical term or geographic name entry element: القران الكريم - اعجاز القران - سورة القران
670 ## - SOURCE DATA FOUND
- Source citation: Work cat.: (JO-AjAnu)9725: تاليف الشوكاني،محمد بن علي؛ تحقيق شوكت بن رفقي بن شوكت شحالتوغ قراة مشهور بن حسن آل سلمان, author 18952, النشر لفوائد سورة العصر